000 00550nam a2200181 a 4500
001 000010857
005 20200929162315.0
008 091012s2001 dr 000 0 spa d
020 _a999342918X
040 _aDO-SdBNP
_bspa
_cBNPHU
082 _axxx
_bP438p
100 1 _aPérez Sáchez, José
_926189
245 1 3 _aLa prensa durante los primeros años de la era de Trujillo, 1930-1934/.
250 _a2a ed.
260 _aSanto Domingo :
_bCollado,
_c2001.
300 _a129 p. : ;
_c21 cm.
504 _aIncluye referencias bibliográficas (p.127)
999 _c10606
_d10606